GATE: Mechanical engineering 2015 (Record no. 185374)
[ view plain ]
| 000 -LEADER | |
|---|---|
| fixed length control field | 00344nam a2200121Ia 4500 |
| 008 - FIXED-LENGTH DATA ELEMENTS--GENERAL INFORMATION | |
| fixed length control field | 220217s9999||||xx |||||||||||||| ||und|| |
| 020 ## - INTERNATIONAL STANDARD BOOK NUMBER | |
| International Standard Book Number | 9789351441878 |
| 100 ## - MAIN ENTRY--PERSONAL NAME | |
| Personal name | GK publications |
| 245 #0 - TITLE STATEMENT | |
| Title | GATE: Mechanical engineering 2015 |
| 260 ## - PUBLICATION, DISTRIBUTION, ETC. | |
| Place of publication, distribution, etc. | GK publications |
| Name of publisher, distributor, etc. | New Delhi |
| Date of publication, distribution, etc. | 2014 |
| 300 ## - PHYSICAL DESCRIPTION | |
| Extent | 723p. |
| Other physical details | 835 |
| 650 ## - SUBJECT ADDED ENTRY--TOPICAL TERM | |
| Topical term or geographic name entry element | EXAM BOOKS/GRE/CAT/GATE |
| Withdrawn status | Lost status | Damaged status | Not for loan | Collection code | Home library | Current library | Shelving location | Date acquired | Barcode | Date last seen | Price effective from | Koha item type |
|---|---|---|---|---|---|---|---|---|---|---|---|---|
| Mechanical Engineering | Central Library | Central Library | Reference | 02/18/2022 | 20563 | 02/18/2022 | 02/18/2022 | Books |